LEADER 01073nam a2200289 i 4500 001 000000157402 003 CaOOAMICUS 005 20191120104009.0 008 070110s2002 it a u000 u ita u 013 $a134758 020 $a88-8402-284-3 040 $aSeMil$bita 100 1 $aMalato, Enrico.$0(OLS)http://semarc/name/1400 245 10$aDante /$cEnrico Malato. 250 $a2. ed. riveduta 264 1$aRoma :$bSalerno,$c2002. 300 $a420 p., [7] p. di tav. :$bill., c. geogr. ;$c21 cm. 490 0 $aSestante ;$v1 600 14$aAlighieri, Dante <1265-1321>.$0(OLS)http://semarc/subject/2905 830 0$aSestante ;$v1.$0(OLS)http://semarc/title/423058 850 $aSeMil 852 $aSeMil$W1$xVenegono$y1$m1D V 167$j109088$B109088$CSeMilBibl$Z2$F118615 $81 961 $aAcquisto: L.S. srl 996 $6020$a88-8402-284-3$9(OLS)http://semarc/number/147681 996 $6245$aDante$9(OLS)http://semarc/title/38461 996 $6264$aRoma :$bSalerno$9(OLS)http://semarc/publisher/30165 LEADER 01123nam a2200277 i 4500 001 000000065623 003 CaOOAMICUS 005 20090417000000.0 008 090417s1996 it u000 u ita u 013 $a36795 020 $a88-428-0362-6 040 $aSeMil$bita 100 1 $aCuminetti, Mario <1934-1995>.$0(OLS)http://semarc/name/19348 245 10$aSeminare nuovi occhi nella terra :$bmodernità e religione /$cMario Cuminetti. 260 $aMilano :$bIl Saggiatore,$c1996. 300 $a97 p. ;$c19 cm. 490 0 $aL'arco 650 4$aReligiosità - Sec. 20.$0(OLS)http://semarc/subject/692 650 4$aVita cristiana.$0(OLS)http://semarc/subject/4445 830 2$aL'arco.$0(OLS)http://semarc/title/8341 850 $aSeMil 852 $aSeMil$W1$xVenegono$y1$m2Q II 340$j31776$B31776$CSeMilBibl$Z2$F31779 $81 961 $aOmaggio: Aceti don Guido 996 $6020$a88-428-0362-6$9(OLS)http://semarc/number/43017 996 $6245$aSeminare nuovi occhi nella terra :$bmodernità e religione$9(OLS)http://semarc/title/104176 996 $6260$aMilano :$bIl Saggiatore$9(OLS)http://semarc/publisher/30255